[Event "EU-ch 24th"]
[Site "Petrovac"]
[Date "2024.11.15"]
[Round "7"]
[White "Levin, Guy"]
[Black "Goroshchenko, Dmitry"]
[Result "1-0"]
[WhiteElo "2445"]
[BlackElo "2141"]
[PlyCount "71"]
[EventDate "2024.11.08"]
[EventType "swiss"]
[EventRounds "11"]
[EventCountry "MNE"]
[SourceTitle "CB47_2024"]
[SourceDate "2024.11.20"]
[SourceVersion "1"]
[SourceVersionDate "2024.11.20"]
[SourceQuality "1"]

1. d4 d5 2. c4 e6 3. Nc3 Nf6 4. Bg5 Be7 5. e3 0-0 6. Nf3 Nbd7 7. Qc2 c6 8. h3 b6 9. cxd5 cxd5 10. Bd3 Bb7 11. 0-0 Rc8 12. Qa4 a6 13. Rfc1 Ne4 14. Bxe7 Qxe7 15. Ne2 Qd6 16. Rxc8 Rxc8 17. Rc1 Rxc1+ 18. Nxc1 b5 19. Qc2 Nb6 20. Nb3 Nc4 21. Nc5 Qc6 22. Bxe4 dxe4 23. Nd2 Nd6 24. Qc3 Kf8 25. Qb4 Ke8 26. b3 Bc8 27. a4 f5 28. Nb1 Nb7 29. Nc3 Nxc5 30. dxc5 bxa4 31. Nxa4 Bb7 32. Nb6 Qb5 33. Qd4 Kf7 34. Nc4 Qxb3 35. Ne5+ Kf6 36. Qd8+ 1-0

[Event "EU-ch 24th"]
[Site "Petrovac"]
[Date "2024.11.13"]
[Round "6"]
[White "Goroshchenko, Dmitry"]
[Black "Saraci, Nderim"]
[Result "1/2-1/2"]
[WhiteElo "2141"]
[BlackElo "2439"]
[PlyCount "101"]
[EventDate "2024.11.08"]
[EventType "swiss"]
[EventRounds "11"]
[EventCountry "MNE"]
[SourceTitle "CB47_2024"]
[SourceDate "2024.11.20"]
[SourceVersion "1"]
[SourceVersionDate "2024.11.20"]
[SourceQuality "1"]

1. e4 d5 2. exd5 Qxd5 3. Nc3 Qd6 4. d4 Nf6 5. Nf3 c6 6. g3 Bf5 7. Bf4 Qb4 8. Bd2 Qb6 9. h3 Nbd7 10. b4 e6 11. a3 h6 12. Bf4 Be7 13. Na4 Qd8 14. Bd3 Bxd3 15. Qxd3 0-0 16. 0-0 b5 17. Nb2 a5 18. Bd2 axb4 19. Bxb4 Bxb4 20. axb4 Nd5 21. Qd2 Qf6 22. Kg2 e5 23. Rxa8 Rxa8 24. Re1 exd4 25. Nxd4 Ne5 26. c3 Ra2 27. Qc2 g6 28. Qb3 Ra8 29. f4 Nd7 30. Nd3 g5 31. Ne5 Nxe5 32. fxe5 Qg6 33. e6 fxe6 34. Rxe6 Qd3 35. Qb2 Ne3+ 36. Kh2 Rf8 37. Qa2 Kh7 38. Qa7+ Kg8 39. Qa2 Kh7 40. Qa7+ Kg8 41. Qa2 Nf1+ 42. Kg1 Qxg3+ 43. Qg2 Qxc3 44. Nxc6 Qa1 45. Ne7+ Kg7 46. Rg6+ Kh7 47. Rxh6+ Kxh6 48. Qc6+ Rf6 49. Qxf6+ Qxf6 50. Ng8+ Kg6 51. Nxf6 1/2-1/2

[Event "UKR-ch 91st"]
[Site "Poltava"]
[Date "2023.12.17"]
[Round "9"]
[White "Goroshchenko, Dmitry"]
[Black "Babayev, Murad1"]
[Result "1-0"]
[WhiteElo "2193"]
[BlackElo "1896"]
[PlyCount "111"]
[EventDate "2023.12.09"]
[EventType "swiss"]
[EventRounds "9"]
[EventCountry "UKR"]
[SourceTitle "CBM 217 Extra"]
[Source "ChessBase"]
[SourceDate "2024.01.31"]
[SourceVersion "1"]
[SourceVersionDate "2024.01.31"]
[SourceQuality "1"]

1. e4 c5 2. Nf3 d6 3. d4 cxd4 4. Nxd4 Nf6 5. Nc3 a6 6. Bg5 Nbd7 7. Qd2 Qc7 8. 0-0-0 h6 9. Bh4 g6 10. f3 Bg7 11. g4 b5 12. Kb1 Bb7 13. g5 hxg5 14. Bxg5 Rc8 15. h4 b4 16. Nce2 e5 17. Bxf6 Nxf6 18. Nb3 Nxe4 19. fxe4 Bxe4 20. Bh3 Qxc2+ 21. Ka1 Qxd2 22. Nxd2 Bxh1 23. Bxc8 Rxh4 24. Bxa6 Ke7 25. Nc4 d5 26. Ne3 d4 27. Nc2 Bf3 28. Re1 Kd6 29. Nxb4 Re4 30. Nc2 Bxe2 31. Bxe2 Bh6 32. Bd3 Rxe1+ 33. Nxe1 f5 34. Kb1 e4 35. Be2 Bd2 36. Nd3 g5 37. Kc2 Ba5 38. b4 Bc7 39. Kd2 Kd5 40. Nb2 f4 41. Ba6 f3 42. Bb7+ Ke5 43. Nd3+ Kf5 44. Bc8+ Kf6 45. Bg4 e3+ 46. Kd1 f2 47. Ke2 Ke7 48. Bh3 Kd6 49. Bg2 Bd8 50. Nc1 Kc7 51. Kd3 Bf6 52. Ne2 g4 53. Bf1 g3 54. Nxg3 Kb6 55. a4 Be7 56. Kc4 1-0

[Event "UKR-ch sf"]
[Site "Alushta"]
[Date "2011.05.10"]
[Round "8"]
[White "Goroshchenko, Dmitry"]
[Black "Fingerov, Dmitry"]
[Result "1/2-1/2"]
[WhiteElo "2170"]
[BlackElo "2402"]
[PlyCount "74"]
[EventDate "2011.05.03"]
[EventType "swiss"]
[EventRounds "9"]
[EventCountry "UKR"]
[SourceTitle "CBM 142 Extra"]
[Source "ChessBase"]
[SourceDate "2011.06.27"]
[SourceVersion "1"]
[SourceVersionDate "2011.06.27"]
[SourceQuality "1"]

1. e4 e6 2. d4 d5 3. exd5 exd5 4. Nf3 Bd6 5. Bd3 h6 6. 0-0 Qf6 7. Re1+ Ne7 8. h3 0-0 9. Nbd2 Nbc6 10. c3 Ng6 11. Nf1 Nce7 12. Ne3 Nf4 13. Ng4 Bxg4 14. hxg4 Rae8 15. Bf5 Neg6 16. Rxe8 Rxe8 17. g3 Ne6 18. b4 Ngf8 19. Bd3 Nh7 20. a4 g6 21. Ra2 Kg7 22. Kg2 Nhg5 23. Nxg5 hxg5 24. Re2 Rh8 25. Re1 c6 26. a5 b6 27. a6 c5 28. dxc5 bxc5 29. c4 d4 30. b5 Rh2+ 31. Kxh2 Qxf2+ 32. Kh1 Qxg3 33. Qe2 Qh3+ 34. Kg1 Qg3+ 35. Kf1 Qh3+ 36. Kg1 Qg3+ 37. Kf1 Qh3+ 1/2-1/2

[Event "UKR-ch sf"]
[Site "Alushta"]
[Date "2011.05.05"]
[Round "3"]
[White "Goroshchenko, Dmitry"]
[Black "Kuchin, Pavel"]
[Result "1/2-1/2"]
[WhiteElo "2170"]
[BlackElo "1980"]
[PlyCount "66"]
[EventDate "2011.05.03"]
[EventType "swiss"]
[EventRounds "9"]
[EventCountry "UKR"]
[SourceTitle "CBM 142 Extra"]
[Source "ChessBase"]
[SourceDate "2011.06.27"]
[SourceVersion "1"]
[SourceVersionDate "2011.06.27"]
[SourceQuality "1"]

1. e4 c5 2. c4 Nc6 3. Ne2 e5 4. Nbc3 d6 5. d3 Be7 6. a3 h6 7. Rb1 a5 8. b3 Bg5 9. Bb2 Nge7 10. Nb5 Na7 11. Nec3 Nxb5 12. Nxb5 Nc6 13. Be2 b6 14. h4 Bf6 15. h5 Ba6 16. Nc3 Bb7 17. Bc1 Nd4 18. Be3 Bc6 19. Qd2 Bg5 20. Bd1 0-0 21. Ne2 Bxe3 22. fxe3 Nxe2 23. Bxe2 f5 24. 0-0 fxe4 25. Rxf8+ Qxf8 26. Rf1 Qe7 27. dxe4 Bxe4 28. Bf3 Bxf3 29. Rxf3 Rf8 30. Qd5+ Kh8 31. Rxf8+ Qxf8 32. Qe6 Qd8 33. Qf5 Kg8 1/2-1/2

[Event "UKR-ch sf"]
[Site "Alushta"]
[Date "2008.05.16"]
[Round "6"]
[White "Shkola, Vladislav I"]
[Black "Goroshchenko, Dmitry"]
[Result "1/2-1/2"]
[WhiteElo "2166"]
[BlackElo "2252"]
[PlyCount "41"]
[EventDate "2008.05.10"]
[EventType "swiss"]
[EventRounds "9"]
[EventCountry "UKR"]
[SourceTitle "CBM 124 Extra"]
[Source "ChessBase"]
[SourceDate "2008.07.03"]
[SourceVersion "1"]
[SourceVersionDate "2008.07.03"]
[SourceQuality "1"]

1. d4 d5 2. Nf3 Nf6 3. c4 dxc4 4. Qa4+ Nbd7 5. Nc3 e6 6. Bg5 Be7 7. e3 0-0 8. Qxc4 c5 9. dxc5 Bxc5 10. Be2 a6 11. 0-0 b5 12. Qb3 Bb7 13. Rfd1 Qb6 14. a4 b4 15. a5 Qa7 16. Na4 Bd5 17. Bc4 Rac8 18. Rac1 Bd6 19. Bxd5 Rxc1 20. Rxc1 Nxd5 21. Qc4 1/2-1/2

[Event "UKR-ch qual"]
[Site "Alushta"]
[Date "2007.05.13"]
[Round "3"]
[White "Goroshchenko, Dmitry"]
[Black "Kuchin, Pavel"]
[Result "1-0"]
[WhiteElo "2241"]
[BlackElo "2005"]
[PlyCount "39"]
[EventDate "2007.05.11"]
[EventType "swiss"]
[EventRounds "9"]
[EventCountry "UKR"]
[SourceTitle "EXT 2008"]
[Source "ChessBase"]
[SourceDate "2007.11.25"]
[SourceVersion "1"]
[SourceVersionDate "2007.11.25"]
[SourceQuality "1"]

1. e4 e6 2. Nc3 d5 3. Nf3 dxe4 4. Nxe4 Bd7 5. d4 Bc6 6. Bd3 Be7 7. 0-0 Nf6 8. Nxf6+ gxf6 9. Re1 Bxf3 10. Qxf3 c6 11. c3 Nd7 12. Rxe6 Nf8 13. Re2 Ne6 14. Bc4 Qd6 15. Qh5 Nd8 16. Bh6 Rg8 17. Rae1 Rg6 18. Bf4 Qxf4 19. Rxe7+ Kf8 20. Qxh7 1-0

[Event "UKR-ch sf"]
[Site "Alushta"]
[Date "2006.05.19"]
[Round "7"]
[White "Goroshchenko, Dmitry"]
[Black "Kruglyakov, Pavlo"]
[Result "1-0"]
[WhiteElo "2219"]
[BlackElo "2300"]
[PlyCount "95"]
[EventDate "2006.05.13"]
[EventType "swiss"]
[EventRounds "9"]
[EventCountry "UKR"]
[SourceTitle "CBM 112 Extra"]
[Source "ChessBase"]
[SourceDate "2006.07.14"]
[SourceVersion "1"]
[SourceVersionDate "2006.07.14"]
[SourceQuality "1"]

1. e4 c5 2. c4 Nc6 3. Ne2 Nf6 4. Nbc3 e6 5. d4 cxd4 6. Nxd4 Bb4 7. Nxc6 bxc6 8. Bd3 e5 9. 0-0 0-0 10. Bd2 Bc5 11. a3 d6 12. b4 Bd4 13. Rc1 Ng4 14. Qf3 Qh4 15. h3 a5 16. hxg4 Bxg4 17. g3 Bxf3 18. gxh4 axb4 19. axb4 Ra3 20. Rfe1 f5 21. exf5 g6 22. Be4 Bxe4 23. Nxe4 gxf5 24. Ng5 Rf6 25. Be3 Bc3 26. Red1 Bxb4 27. Rb1 c5 28. Ra1 h6 29. Rxa3 Bxa3 30. Nf3 e4 31. Ne1 f4 32. Bd2 Bb2 33. Rb1 Be5 34. f3 Bd4+ 35. Kf1 e3 36. Bc1 Kf7 37. Bb2 e2+ 38. Kxe2 Re6+ 39. Kf1 Bxb2 40. Rxb2 Re3 41. Rd2 Rc3 42. Rxd6 Rxc4 43. Rxh6 Rc3 44. Ke2 Re3+ 45. Kd2 Kg7 46. Rc6 Re5 47. Ng2 Rf5 48. Kd3 1-0

[Event "UKR-ch sf"]
[Site "Alushta"]
[Date "2006.05.18"]
[Round "6"]
[White "Kravtsiv, Martyn"]
[Black "Goroshchenko, Dmitry"]
[Result "1-0"]
[WhiteElo "2379"]
[BlackElo "2219"]
[PlyCount "41"]
[EventDate "2006.05.13"]
[EventType "swiss"]
[EventRounds "9"]
[EventCountry "UKR"]
[SourceTitle "CBM 112 Extra"]
[Source "ChessBase"]
[SourceDate "2006.07.14"]
[SourceVersion "1"]
[SourceVersionDate "2006.07.14"]
[SourceQuality "1"]

1. e4 d6 2. d4 Nf6 3. Nc3 g6 4. f4 Bg7 5. Nf3 0-0 6. Be3 e6 7. e5 Nfd7 8. h4 Nc6 9. h5 Ne7 10. hxg6 hxg6 11. Ng5 Nf5 12. Qf3 c5 13. d5 Nb6 14. dxe6 Bxe6 15. 0-0-0 Bc4 16. Bxc5 Bxf1 17. Rhxf1 Bxe5 18. g4 Ng7 19. Nce4 Na4 20. fxe5 Nxc5 21. Nf6+ 1-0

[Event "UKR-ch sf"]
[Site "Alushta"]
[Date "2006.05.13"]
[Round "1"]
[White "Sumets, Andrey"]
[Black "Goroshchenko, Dmitry"]
[Result "0-1"]
[WhiteElo "2461"]
[BlackElo "2219"]
[PlyCount "137"]
[EventDate "2006.05.13"]
[EventType "swiss"]
[EventRounds "9"]
[EventCountry "UKR"]
[SourceTitle "CBM 112 Extra"]
[Source "ChessBase"]
[SourceDate "2006.07.14"]
[SourceVersion "1"]
[SourceVersionDate "2006.07.14"]
[SourceQuality "1"]

1. d4 d5 2. c4 dxc4 3. e3 Nf6 4. Bxc4 e6 5. Nf3 c5 6. 0-0 a6 7. dxc5 Bxc5 8. Qxd8+ Kxd8 9. Nbd2 b6 10. Be2 Bb7 11. Ne5 Ke7 12. Nd3 Bd6 13. Nc4 Bc7 14. b3 Rd8 15. Ba3+ Ke8 16. Rac1 Nc6 17. Rfd1 Rac8 18. Bf3 Ba8 19. Ndb2 Nd5 20. Na4 Rb8 21. Bxd5 exd5 22. Nd2 d4 23. exd4 Rxd4 24. Re1+ Kd8 25. Nf3 Rd7 26. Rcd1 f6 27. Bf8 Ne5 28. Nxe5 Bxe5 29. Bxg7 Rxd1 30. Rxd1+ Kc7 31. Bh6 Rg8 32. g3 Bf3 33. Rc1+ Kb7 34. Be3 Bc7 35. Rc3 Bc6 36. f3 h5 37. Kg2 h4 38. Bf2 f5 39. Kh3 Bd7 40. Kxh4 Rh8+ 41. Kg5 Rxh2 42. Rxc7+ Kxc7 43. Bxb6+ Kd6 44. Nc5 Rxa2 45. Nxd7 Kxd7 46. b4 Kc6 47. Ba5 Rc2 48. g4 fxg4 49. Kxg4 Kd6 50. Kg3 Ke6 51. Bd8 Rd2 52. Bb6 Rd7 53. Be3 Rg7+ 54. Kf2 Rb7 55. Bd2 Rh7 56. Ke3 Rd7 57. Ke2 Rd8 58. Ke3 Ke5 59. f4+ Kf5 60. Bc3 Rd1 61. Be5 Rb1 62. Bd6 Ke6 63. Bf8 Kf5 64. Kf3 Rf1+ 65. Ke3 Rb1 66. Kf3 Rb3+ 67. Ke2 Ke4 68. Bd6 Rd3 69. Be7 0-1

[Event "Evpatoria tt U20"]
[Site "Evpatoria"]
[Date "2006.05.07"]
[Round "5"]
[White "Goroshchenko, Dmitry"]
[Black "Maximov, Dmitry"]
[Result "0-1"]
[WhiteElo "2219"]
[BlackElo "2391"]
[PlyCount "80"]
[EventDate "2006.05.05"]
[EventType "team-tourn"]
[EventRounds "7"]
[EventCountry "UKR"]
[SourceTitle "CBM 112 Extra"]
[Source "ChessBase"]
[SourceDate "2006.07.14"]
[SourceVersion "1"]
[SourceVersionDate "2006.07.14"]
[SourceQuality "1"]

1. e4 c5 2. c4 Nc6 3. Ne2 e5 4. d3 g6 5. h4 h5 6. Nbc3 d6 7. Nd5 Bh6 8. Nec3 Nd4 9. Be2 a6 10. Bxh6 Nxh6 11. a4 0-0 12. a5 Be6 13. Ra3 f5 14. Qd2 Kg7 15. Bd1 f4 16. f3 Rf7 17. Nb6 Rb8 18. Ncd5 g5 19. hxg5 Qxg5 20. Qf2 Ng8 21. Kf1 Nf6 22. Nxf6 Kxf6 23. Ba4 Rg7 24. Ra2 Rh8 25. Rh4 Qg3 26. b4 Kg5 27. Rh1 h4 28. bxc5 dxc5 29. Bd1 h3 30. gxh3 Kh4 31. Nd5 Qxf2+ 32. Rxf2 Bxh3+ 33. Ke1 Rhg8 34. Rfh2 Rg3 35. Kf2 Rg2+ 36. Rxg2 Rxg2+ 37. Ke1 Ra2 38. Ne7 Kg3 39. Ng6 Bg2 40. Rh7 Bxf3 0-1

[Event "UKR-ch sf U20"]
[Site "Ternopol"]
[Date "2003.12.17"]
[Round "7"]
[White "Goroshchenko, Dmitry"]
[Black "Shkuran, Danylo"]
[Result "1/2-1/2"]
[WhiteElo "2241"]
[BlackElo "2405"]
[PlyCount "21"]
[EventDate "2003.12.11"]
[EventType "swiss"]
[EventRounds "9"]
[EventCountry "UKR"]
[SourceTitle "EXT 2008"]
[Source "ChessBase"]
[SourceDate "2007.11.25"]
[SourceVersion "1"]
[SourceVersionDate "2007.11.25"]
[SourceQuality "1"]

1. d4 Nf6 2. c4 g6 3. Nc3 Bg7 4. e4 d6 5. f4 c5 6. dxc5 Qa5 7. Bd2 Qxc5 8. b4 Qxb4 9. Na4 Qa3 10. Bc1 Qb4+ 11. Bd2 1/2-1/2

[Event "UKR-ch sf U20"]
[Site "Ternopol"]
[Date "2003.12.13"]
[Round "3"]
[White "Goroshchenko, Dmitry"]
[Black "Oleksienko, Mikhailo"]
[Result "0-1"]
[WhiteElo "2241"]
[BlackElo "2494"]
[PlyCount "104"]
[EventDate "2003.12.11"]
[EventType "swiss"]
[EventRounds "9"]
[EventCountry "UKR"]
[SourceTitle "EXT 2008"]
[Source "ChessBase"]
[SourceDate "2007.11.25"]
[SourceVersion "1"]
[SourceVersionDate "2007.11.25"]
[SourceQuality "1"]

1. e4 c5 2. c4 Nc6 3. Nc3 e6 4. Nge2 Nf6 5. d4 cxd4 6. Nxd4 Bb4 7. Nxc6 bxc6 8. e5 Ne4 9. Bd2 Nxd2 10. Qxd2 Qa5 11. Qe3 Rb8 12. Be2 0-0 13. 0-0 Bc5 14. Qd2 f6 15. a3 Rb3 16. Qc2 Rxc3 17. bxc3 fxe5 18. Bd3 h6 19. Qe2 Qxc3 20. Qe4 Rf5 21. Rad1 d5 22. Qg4 Rf8 23. Qh5 Bd4 24. Be2 Qxa3 25. Rd3 Qc5 26. Rf3 a5 27. Rxf8+ Qxf8 28. Qg6 Bd7 29. Bg4 Qf6 30. Qc2 Be8 31. Qd2 Bg6 32. Be2 Qg5 33. Qxa5 Be4 34. g3 Kh7 35. Qa3 Qf5 36. g4 Qf4 37. Qg3 Qd2 38. Bf3 Bg6 39. cxd5 exd5 40. h4 e4 41. h5 Bf7 42. Qc7 Bg8 43. Bg2 e3 44. fxe3 Qxe3+ 45. Kh1 Be5 46. Qxc6 Qg3 47. Qc2+ Kh8 48. Kg1 Bd4+ 49. Rf2 Be6 50. Kf1 Qxf2+ 51. Qxf2 Bxf2 52. Kxf2 Bxg4 0-1